| 000 | 01124nam a2200265Ia 4500 | ||
|---|---|---|---|
| 999 |
_c50491 _d50491 |
||
| 001 | 17440 | ||
| 003 | GE_BSU | ||
| 005 | 20200213141948.0 | ||
| 008 | 181216s2010ru xx |||||||||||||| ||rus|| | ||
| 020 | _a 978-5-86547-498-2 | ||
| 040 | _cGE_BSU | ||
| 041 | _arus | ||
| 080 | _a811.161.1С-44 | ||
| 100 |
_aСкороходов,Л. _97061 |
||
| 245 |
_aОкно в Россию : Часть вторая : _bучебное пособие по русскому языку как иностранному для продвинутого этапа.Ч. 2. / _cЛ. Скороходов; О. Хорохордина ; Ред . И.В.Евстратова. |
||
| 250 | _a4-е изд. перераб., доп., исп | ||
| 264 |
_aСанкт-Петербург : _bЗЛАТОУСТ, _c2010. |
||
| 300 |
_a263 стр.: _bил.; _c29 см. |
||
| 300 | _b1+CD | ||
| 653 | _aучебное пособие по русскому языку | ||
| 653 | _aრუსული ენა | ||
| 700 |
_aХорохордина, О _97059 |
||
| 700 |
_aЕвстратова, И.В _eრედაქტორი _97062 |
||
| 942 |
_cBK _2udc |
||